| 000 | 00438cam a2200181ua 4500 | ||
|---|---|---|---|
| 020 | _c9.00 | ||
| 041 |
_aeng _h |
||
| 082 |
_a547.1 _bREU/TH |
||
| 100 | _aReutov, O . | ||
| 245 |
_aTheoretical principles of organic chemistry / _cO Reutov. _hTextual Documents |
||
| 250 |
_a1 / _b. |
||
| 260 |
_aMoscow : _bMir publishers , _c1967. |
||
| 300 | _a704 ; . | ||
| 365 | _a9.00 | ||
| 504 | _a | ||
| 942 | _cBK | ||
| 999 |
_c7535 _d7535 |
||